Random Knowledge Quiz #8 - Statistics

General Stats
  • This quiz has been taken 306 times
  • The average score is 9 of 15
Answer Stats
Questions Answer % Correct
By area, what is the largest country in the world? Russia
93%
Who are the brothers that collected and popularized folktales like Cinderella, Snow White, and Hansel and Gretel? The Brothers Grimm
78%
Where is Gangnam? Seoul
77%
What colors are mixed to get teal? Green and blue
76%
Finish this quote: "Three can keep a secret, if two of them are..." Dead
74%
Which Friends character got a spin-off show? Joey Tribbiani
74%
Who has been quoted to say 'Let them eat cake', but probably never actually said it? Marie-Antoinette
74%
What comes next after love, 15, and 30? 40
67%
60,96 centimeters is how many feet? 2
63%
Where can you step on for example Mickey Mouse, Kelly Clarkson, Billy Joel, and Julie Andrews? Hollywood Walk of Fame
54%
What is the national animal of Scotland? Unicorn
54%
Other than mascots, what is the only animal that features in current Olympics? Horse
49%
If the directions say "Second star to the right, and straight on till morning", where are you going? Neverland
35%
What is the rail service that connects the United Kingdom with France, Netherlands, and Belgium called? Eurostar
30%
What is both a TV show and a word for the feeling of great delight? Glee
24%
No matching quizzes found
Score Distribution
Percent of People with Each Score
Percentile by Number Answered
Your Score History
You have not taken this quiz